Rubik's Cube - Statistiques

Statistiques générales
  • Ce quiz a été pris 207 fois
  • Le résultat moyen est 19 sur 25
Statistiques - réponses
Question Tuile Select % Correct
Quelle sont les Rubik's cube officiel en compétition Oui
97%
Quelle sont les Rubik's cube officiel en compétition Non
93%
Quelle sont les Rubik's cube officiel en compétition Non
93%
Quelle sont les Rubik's cube officiel en compétition Non
88%
Quelle sont les Rubik's cube officiel en compétition Non
88%
Quelle sont les Rubik's cube officiel en compétition Non
86%
Quelle sont les Rubik's cube officiel en compétition Non
86%
Quelle sont les Rubik's cube officiel en compétition Non
85%
Quelle sont les Rubik's cube officiel en compétition Non
83%
Quelle sont les Rubik's cube officiel en compétition Oui
82%
Quelle sont les Rubik's cube officiel en compétition Non
81%
Quelle sont les Rubik's cube officiel en compétition Oui
80%
Quelle sont les Rubik's cube officiel en compétition Non
79%
Quelle sont les Rubik's cube officiel en compétition Oui
78%
Quelle sont les Rubik's cube officiel en compétition Non
78%
Quelle sont les Rubik's cube officiel en compétition Non
77%
Quelle sont les Rubik's cube officiel en compétition Oui
73%
Quelle sont les Rubik's cube officiel en compétition Non
72%
Quelle sont les Rubik's cube officiel en compétition Non
69%
Quelle sont les Rubik's cube officiel en compétition Oui
68%
Quelle sont les Rubik's cube officiel en compétition Oui
65%
Quelle sont les Rubik's cube officiel en compétition Oui
57%
Quelle sont les Rubik's cube officiel en compétition Oui
54%
Quelle sont les Rubik's cube officiel en compétition Oui
47%
Quelle sont les Rubik's cube officiel en compétition Oui
40%
Aucun quiz correspondant
Distribution des résultats
% des personnes avec chaque résultat
Percentile par nombre de réponses
Votre historique - résultats
Vous n’avez pas pris ce quiz